Total quality : (Record no. 343312)
[ view plain ]
| 000 -LEADER | |
|---|---|
| fixed length control field | 01547 a2200217 4500 |
| 020 ## - INTERNATIONAL STANDARD BOOK NUMBER | |
| International Standard Book Number | 0201549921 |
| 020 ## - INTERNATIONAL STANDARD BOOK NUMBER | |
| International Standard Book Number | 9780201549928 |
| 082 04 - DEWEY DECIMAL CLASSIFICATION NUMBER | |
| Classification number | 658.562 |
| 090 ## - LOCALLY ASSIGNED LC-TYPE CALL NUMBER (OCLC); LOCAL CALL NUMBER (RLIN) | |
| -- | 764 |
| -- | 764 |
| 100 1# - MAIN ENTRY--PERSONAL NAME | |
| Personal name | Ciampa, Dan. |
| 245 10 - TITLE STATEMENT | |
| Title | Total quality : |
| Remainder of title | a user's guide for implementation / |
| Statement of responsibility, etc. | Dan Ciampa. |
| 260 ## - PUBLICATION, DISTRIBUTION, ETC. | |
| Place of publication, distribution, etc. | [S.l.] : |
| Name of publisher, distributor, etc. | Addison-Wesley, |
| Date of publication, distribution, etc. | 1992. |
| 300 ## - PHYSICAL DESCRIPTION | |
| Extent | 140 p. ; |
| Dimensions | 18 cm. |
| 490 1# - SERIES STATEMENT | |
| Series statement | Addison-wesley od series. |
| 500 ## - GENERAL NOTE | |
| General note | Paperback. |
| 520 ## - SUMMARY, ETC. | |
| Summary, etc. | Dan Ciampa's book directly addresses the challenge of making Total Quality work in a practical, no-nonsense way. Total Quality is in demand today, now that companies in every sector are beginning to compete on the basis of quality, not simply cost. With cost a given, product quality is moving from just a challenge to to rapidly assuming the position as the next competitive prerequisite. The companies that will dominate markets in the 1990s and beyond will deliver high-quality, competitively priced products just when the consumer wants them.The vehicle by which those companies will reach that stage is Total Quality, a company-wide effort seeking to install and make permanent a climate where employees will continuously improve their ability to provide on-demand products and services that customers will find of particular value. |
| 830 #0 - SERIES ADDED ENTRY--UNIFORM TITLE | |
| Uniform title | Addison-wesley od series. |
| 856 40 - ELECTRONIC LOCATION AND ACCESS | |
| Materials specified | Amazon.com |
| Uniform Resource Identifier | <a href="http://www.amazon.com/exec/obidos/ASIN/0201549921/chopaconline-20">http://www.amazon.com/exec/obidos/ASIN/0201549921/chopaconline-20</a> |
| 856 40 - ELECTRONIC LOCATION AND ACCESS | |
| Materials specified | Amazon customer reviews |
| Uniform Resource Identifier | <a href="http://www.chopac.org/cgi-bin/tools/azrev.pl?q=0201549921">http://www.chopac.org/cgi-bin/tools/azrev.pl?q=0201549921</a> |
| 942 ## - ADDED ENTRY ELEMENTS (KOHA) | |
| Institution code [OBSOLETE] | NBS |
| Koha item type | Book |
| Call number prefix | 658.562 |
| Withdrawn status | Lost status | Damaged status | Not for loan | Permanent Location | Current Location | Date acquired | Total Checkouts | Full call number | Barcode | Date last seen | Price effective from | Koha item type |
|---|---|---|---|---|---|---|---|---|---|---|---|---|
| Central Library (CL) | Central Library (CL) | 08/28/2013 | 658.562 | NBS520 | 04/09/2015 | 08/28/2013 | Book |
